<?xml version="1.0" encoding="UTF-8"?>
<collection xmlns="http://www.loc.gov/MARC21/slim">
 <record>
  <leader>01010nab a2200193 i 4500</leader>
  <controlfield tag="001">univ76585</controlfield>
  <controlfield tag="005">20260129153657.0</controlfield>
  <controlfield tag="008">260129s2026    hu      o     000   hun d</controlfield>
  <datafield tag="040" ind1=" " ind2=" ">
   <subfield code="a">SZTE UnivHistória Repozitórium</subfield>
   <subfield code="b">hun</subfield>
  </datafield>
  <datafield tag="041" ind1=" " ind2=" ">
   <subfield code="a">hun</subfield>
  </datafield>
  <datafield tag="245" ind1="0" ind2="0">
   <subfield code="a">Krasznahorkai László Nobel-díjas írót jelölte Szeged díszpolgárának Botka László polgármester</subfield>
   <subfield code="h">[elektronikus dokumentum]</subfield>
  </datafield>
  <datafield tag="260" ind1=" " ind2=" ">
   <subfield code="c">2026-01-26</subfield>
  </datafield>
  <datafield tag="300" ind1=" " ind2=" ">
   <subfield code="a">7</subfield>
  </datafield>
  <datafield tag="490" ind1="0" ind2=" ">
   <subfield code="a">Szegedi Tükör</subfield>
  </datafield>
  <datafield tag="561" ind1=" " ind2=" ">
   <subfield code="a">Egyetemi hirarchívum</subfield>
  </datafield>
  <datafield tag="695" ind1=" " ind2=" ">
   <subfield code="a">Volt egyetemi hallgató - Krasznahorkai László - Nobel-díjas író, Állam- és Jogtudományi Kar - ÁJTK, József Attila Tudományegyetem - JATE, Kitüntetés - Nobel Prize in Literature - irodalmi Nobel-díj, Kitüntetés - Szeged város díszpolgára</subfield>
  </datafield>
  <datafield tag="700" ind1="0" ind2="1">
   <subfield code="a">Koszticsák Szilárd</subfield>
  </datafield>
  <datafield tag="856" ind1="4" ind2="0">
   <subfield code="u">http://univ.bibl.u-szeged.hu/76585/1/Krasznahorkai_Szegedi_Tukor_imedias3.pdf</subfield>
   <subfield code="z">Dokumentum-elérés </subfield>
  </datafield>
  <datafield tag="856" ind1="4" ind2="0">
   <subfield code="u">http://univ.bibl.u-szeged.hu/76585/2/Krasznahorkai_Szegedi_Tukor_15531392.pdf</subfield>
   <subfield code="z">Dokumentum-elérés </subfield>
  </datafield>
 </record>
</collection>
